000 00781nai a2200205Ia 4500
003 IN-BaIIA
008 211028c9999 xx s 000 0 eng d
022 _a2379-8920 (Print)
022 _a2379-8939 (Online)
040 _cIIA Library
245 0 _aIEEE Transactions on Cognitive and Developmental Systems
_h[eJournal]
260 _aNew York, USA
_bThe Institute of Electrical and Electronics Engineers, Inc. (IEEE)
310 _aQuarterly
362 _a8(1); 2016 - Present
521 _bSubscribed through National Knowledge Resource Consortium (NKRC)
650 _a Signal Processing and Analysis
_948813
650 _aComputing and Processing
_948785
856 _uhttps://ieeexplore.ieee.org/servlet/opac?punumber=7274989
_yClick Here to Access eJournal
942 _cEJ
999 _c34635
_d34635